Т. 18; Обогащение полезных ископаемых

Détails bibliographiques
Parent link:Обогащение полезных ископаемых/ Академия наук СССР (АН СССР), Всесоюзный институт научной и технической информации (ВИНИТИ). Т. 18.— , 1963-1991.— 0202-7437
Autres auteurs: Алабян И. М. (редактор)
Langue:russe
Publié: 1984
Sujets:
Format: MixedMaterials Livre
KOHA link:https://koha.lib.tpu.ru/cgi-bin/koha/opac-detail.pl?biblionumber=295383

MARC

LEADER 00000nam2a2200000 4500
001 295383
005 20231102000813.0
035 |a (RuTPU)RU\TPU\book\320461 
035 |a RU\TPU\book\304937 
090 |a 295383 
100 |a 20150522d1984 k y0rusy50 ca 
101 0 |a rus 
102 |a RU 
105 |a y z 001zy 
200 0 |a Т. 18  |f науч. ред. И. М. Алабян 
210 |d 1984 
215 |a 94 с. 
320 |a Библиогр.: с. 88-94 
461 1 |0 (RuTPU)RU\TPU\book\102636  |x 0202-7437  |t Обогащение полезных ископаемых  |f Академия наук СССР (АН СССР), Всесоюзный институт научной и технической информации (ВИНИТИ)  |v Т. 18  |d 1963-1991  |s Обогащение полезных ископаемых 
606 1 |a Полезные ископаемые  |x Обогащение  |2 stltpush  |3 (RuTPU)RU\TPU\subj\50091  |9 68840 
610 1 |a обогащение 
610 1 |a фосфатные руды 
610 1 |a зарубежный опыт 
610 1 |a фосфатно-сырьевая база 
610 1 |a обогатительные фабрики 
610 1 |a оборудование 
610 1 |a технологии 
610 1 |a исследования 
675 |a 622.7  |v 4 
702 1 |a Алабян  |b И. М.  |4 340 
801 1 |a RU  |b 63413507  |c 20111027 
801 2 |a RU  |b 63413507  |c 20170724  |g RCR 
942 |c BK